000 00544 a2200157 4500
999 _c2849
_d2849
020 _a0822403013
050 _aHF 5549 MAG 1970
100 _aFrank, Mager Robert
_eauthor
245 _aAnalyzing performance problems; or, You really oughta wanna,
_cRobert Frank Mager and Peter Pipe
264 _aBelmont, Calif.
_bFearon Pitman Publishers,
_c1970
300 _av,111 p . :
_bill. (col.).
500 _aincludes bibliographical references.
650 _aPerformance standards.
700 _aPeter Pipe
_eauthor
942 _2lcc
_cBK
_h5549
_iMAG
_kHF